| Tag |
First Indicator |
Second Indicator |
Subfields |
| LEADER |
00000cam a2200000 a 4500 |
| 001 |
in00000014612 |
| 005 |
20151007052243.0 |
| 008 |
880425s1670 enka d 00010 eng d |
| 035 |
|
|
|a (OCoLC)17847701
|
| 035 |
|
|
|9 AAA6985AM
|
| 040 |
|
|
|a TXA
|c TXA
|d UtOrBLW
|
| 049 |
|
|
|a TXAS [naut]
|
| 050 |
|
4 |
|a V23
|b .M262 1670
|
| 100 |
1 |
|
|a Manwayring, Henry,
|c Sir,
|d 1587-1653.
|
| 245 |
1 |
4 |
|a The sea-mans dictionary :
|b or, an exposition and demonstration of all the parts and things belonging to a ship ... /
|c composed by Henry Manwayring.
|
| 264 |
|
3 |
|a London :
|b Printed for W. Godbid for Benjamin Hurlock,
|c 1670.
|
| 300 |
|
|
|a 4 unnumbered pages, 132 pages :
|b illustrations ;
|c 20 cm.
|
| 336 |
|
|
|a text
|b txt
|2 rdacontent
|
| 337 |
|
|
|a unmediated
|b n
|2 rdamedia
|
| 338 |
|
|
|a volume
|b nc
|2 rdacarrier
|
| 650 |
|
0 |
|a Naval art and science
|v Dictionaries.
|
| 650 |
|
0 |
|a Naval art and science
|x Early works to 1800.
|
| 999 |
|
|
|a MARS
|
| 999 |
f |
f |
|s 1638f338-1b66-3fae-a4e2-7df0abda868b
|i 5f0e3017-d8cc-3a1e-a411-3f7117c3133f
|t 0
|
| 952 |
f |
f |
|p noncirc
|a Texas A&M University
|b College Station
|c Cushing Memorial Library & Archives
|d Cushing: Maritime (Does not check out)
|t 0
|e V23 .M262 1670
|h Library of Congress classification
|i unmediated -- volume
|
| 998 |
f |
f |
|a V23 .M262 1670
|t 0
|l Cushing: Maritime (Does not check out)
|